| 000 | 00736nam a2200205Ia 4500 | ||
|---|---|---|---|
| 001 | 14800 | ||
| 003 | GE_BSU | ||
| 008 | 181216s||||||||xx |||||||||||||| ||und|| | ||
| 040 | _cGE_BSU | ||
| 080 | _a514.11(072) | ||
| 100 | _aАндронов, И.К., Окунев,А. К. | ||
| 245 | _aОсновной курс тригонометрии, развываемый на целесообразных задачах | ||
| 245 | _bПособие для учителей) | ||
| 260 | _aМосква | ||
| 260 | _bУчпедгиз. | ||
| 260 | _c1960 | ||
| 300 | _a132стр.20см. | ||
| 653 | _aОсновной курс тригонометрии, развываемый на целесообразных задачах | ||
| 942 | _cBK | ||
| 999 |
_c47923 _d47923 |
||